Jugend als Akteurin sozialen Wandels: veränderte Übergangsverläufe, strukturelle Barrieren und Bewältigungsstrategien
| Contributors: | ; ; |
|---|---|
| Format: | Print Book |
| Language: | German |
| Published: |
Weinheim München
Juventa-Verl.
2011
|
| In: | Year: 2011 |
| Edition: | Dr. nach Typoskript |
| Online Access: |
Inhaltstext (Publisher) Table of Contents Rezension (Publisher) |
| Availability in Tübingen: | Present in Tübingen. IFK: O IV 517 |
| Check availability: | HBZ Gateway |
| Subito Delivery Service: | Order now. |
| Keywords: |
MARC
| LEADER | 00000cam a2200000 c 4500 | ||
|---|---|---|---|
| 001 | 643852700 | ||
| 003 | DE-627 | ||
| 005 | 20260206202813.0 | ||
| 007 | tu | ||
| 008 | 110112s2011 gw ||||| 00| ||ger c | ||
| 015 | |a 11,N02 |2 dnb | ||
| 015 | |a 11,N02 |2 dnb | ||
| 016 | 7 | |a 1009306561 |2 DE-101 | |
| 020 | |a 9783779917571 |c Pb. : ca. EUR 28.00 (DE), ca. sfr 40.50 (freier Pr.) |9 978-3-7799-1757-1 | ||
| 024 | 3 | |a 9783779917571 | |
| 028 | 5 | 2 | |a 1757 |
| 035 | |a (DE-627)643852700 | ||
| 035 | |a (DE-603)230840485 | ||
| 035 | |a (DE-576)337079919 | ||
| 035 | |a (DE-599)DNB1009306561 | ||
| 035 | |a (OCoLC)846351994 | ||
| 035 | |a (OCoLC)707096918 | ||
| 040 | |a DE-627 |b ger |c DE-627 |e rakwb | ||
| 041 | |a ger | ||
| 044 | |c XA-DE-BW | ||
| 082 | 0 | |a 300 |q BSZ | |
| 082 | 0 | |a 305.235 | |
| 082 | 0 | 4 | |a 300 |q DNB |
| 084 | |a DU 3000 |2 rvk |0 (DE-625)rvk/20045:761 | ||
| 084 | |a MS 1170 |2 rvk |0 (DE-625)rvk/123552: | ||
| 084 | |a MS 2150 |2 rvk |0 (DE-625)rvk/123632: | ||
| 084 | |a 71.35 |2 bkl | ||
| 084 | |a 71.41 |2 bkl | ||
| 245 | 0 | 0 | |a Jugend als Akteurin sozialen Wandels |b veränderte Übergangsverläufe, strukturelle Barrieren und Bewältigungsstrategien |c Axel Pohl; Barbara Stauber; Andreas Walther (Hrsg.) |
| 250 | |a Dr. nach Typoskript | ||
| 264 | 1 | |a Weinheim |a München |b Juventa-Verl. |c 2011 | |
| 300 | |a 288 S. |c 23 cm | ||
| 336 | |a Text |b txt |2 rdacontent | ||
| 337 | |a ohne Hilfsmittel zu benutzen |b n |2 rdamedia | ||
| 338 | |a Band |b nc |2 rdacarrier | ||
| 490 | 0 | |a Jugendforschung | |
| 500 | |a Enth. 11 Beitr. - Literaturangaben | ||
| 583 | 1 | |a Archivierung/Langzeitarchivierung gewährleistet |f PEBW |x XA-DE-BW |2 pdager |5 DE-31 | |
| 650 | 0 | 7 | |0 (DE-588)4077587-2 |0 (DE-627)106079697 |0 (DE-576)209205733 |a Sozialer Wandel |2 gnd |
| 650 | 0 | 7 | |0 (DE-588)4028859-6 |0 (DE-627)104419199 |0 (DE-576)208979859 |a Jugend |2 gnd |
| 650 | 0 | 7 | |0 (DE-588)4055759-5 |0 (DE-627)104280069 |0 (DE-576)209115262 |a Soziales Handeln |2 gnd |
| 650 | 0 | 7 | |0 (DE-588)4681060-2 |0 (DE-627)345891848 |0 (DE-576)21450462X |a Übergang |g Sozialwissenschaften |2 gnd |
| 653 | |a Paperback / softback | ||
| 655 | 7 | |a Aufsatzsammlung |0 (DE-588)4143413-4 |0 (DE-627)105605727 |0 (DE-576)209726091 |2 gnd-content | |
| 689 | 0 | 0 | |d s |0 (DE-588)4077587-2 |0 (DE-627)106079697 |0 (DE-576)209205733 |a Sozialer Wandel |2 gnd |
| 689 | 0 | 1 | |d s |0 (DE-588)4028859-6 |0 (DE-627)104419199 |0 (DE-576)208979859 |a Jugend |2 gnd |
| 689 | 0 | 2 | |d s |0 (DE-588)4055759-5 |0 (DE-627)104280069 |0 (DE-576)209115262 |a Soziales Handeln |2 gnd |
| 689 | 0 | 3 | |d s |0 (DE-588)4681060-2 |0 (DE-627)345891848 |0 (DE-576)21450462X |a Übergang |g Sozialwissenschaften |2 gnd |
| 689 | 0 | |5 DE-101 | |
| 689 | 1 | 0 | |d s |0 (DE-588)4028859-6 |0 (DE-627)104419199 |0 (DE-576)208979859 |a Jugend |2 gnd |
| 689 | 1 | 1 | |d s |0 (DE-588)4077587-2 |0 (DE-627)106079697 |0 (DE-576)209205733 |a Sozialer Wandel |2 gnd |
| 689 | 1 | 2 | |d s |0 (DE-588)4055783-2 |0 (DE-627)104675101 |0 (DE-576)209115386 |a Sozialisation |2 gnd |
| 689 | 1 | 3 | |d s |0 (DE-588)4044789-3 |0 (DE-627)106204270 |0 (DE-576)209062339 |a Partizipation |2 gnd |
| 689 | 1 | |5 (DE-627) | |
| 700 | 1 | |a Pohl, Axel |d 1968- |e Hrsg. |0 (DE-588)121980049 |0 (DE-627)646561103 |0 (DE-576)182866262 |4 edt | |
| 700 | 1 | |a Stauber, Barbara |d 1963- |0 (DE-588)114037744 |0 (DE-627)537492461 |0 (DE-576)289783542 |4 oth | |
| 700 | 1 | |a Walther, Andreas |d 1964- |0 (DE-588)12225371X |0 (DE-627)081831536 |0 (DE-576)187115516 |4 oth | |
| 700 | 1 | |a Stauber, Barbara |d 1963- |e Hrsg. |0 (DE-588)114037744 |0 (DE-627)537492461 |0 (DE-576)289783542 |4 edt | |
| 856 | 4 | 2 | |u http://www.socialnet.de/rezensionen/isbn.php?isbn=978-3-7799-1757-1 |m V:DE-601 |m B:socialnet. |q text/html |v 201307-05 |x Verlag |y Rezension (socialnet.) |3 Rezension |7 1 |
| 856 | 4 | 2 | |u https://swbplus.bsz-bw.de/bsz337079919inh.htm |m B:DE-576;DE-352 |q application/pdf |v 20110627144959 |x Verlag |3 Inhaltsverzeichnis |7 1 |
| 856 | 4 | 2 | |u http://deposit.dnb.de/cgi-bin/dokserv?id=3644366&prov=M&dok_var=1&dok_ext=htm |m X:MVB |q text/html |x Verlag |3 Inhaltstext |7 1 |
| 856 | 4 | 2 | |u http://d-nb.info/1009306561/04 |m B:DE-101 |q application/pdf |3 Inhaltsverzeichnis |7 1 |
| 935 | |i Blocktest | ||
| 936 | r | v | |a DU 3000 |b Allgemeines und Deutschland |k Pädagogik |k Pädagogische Soziologie |k Jugendsoziologie |k Allgemeines und Deutschland |0 (DE-627)1270809784 |0 (DE-625)rvk/20045:761 |0 (DE-576)200809784 |
| 936 | r | v | |a MS 1170 |b Sozialer Wandel (Modernisierung, Globalisierung etc.) |k Soziologie |k Spezielle Soziologien |k Gesamtgesellschaften |k Sozialer Wandel (Modernisierung, Globalisierung etc.) |0 (DE-627)1271440164 |0 (DE-625)rvk/123552: |0 (DE-576)201440164 |
| 936 | r | v | |a MS 2150 |b Allgemeine Darstellungen |k Soziologie |k Spezielle Soziologien |k Jugendsoziologie |k Allgemeine Darstellungen |0 (DE-627)1270710710 |0 (DE-625)rvk/123632: |0 (DE-576)200710710 |
| 936 | b | k | |a 71.35 |j Kindersoziologie |j Jugendsoziologie |0 (DE-627)106412698 |
| 936 | b | k | |a 71.41 |j Sozialer Wandel |0 (DE-627)106412574 |
| 936 | s | n | |a m200 |2 mzub |
| 951 | |a BO | ||
| ELC | |b 1 | ||
| LOK | |0 000 xxxxxcx a22 zn 4500 | ||
| LOK | |0 001 3132266795 | ||
| LOK | |0 003 DE-627 | ||
| LOK | |0 004 643852700 | ||
| LOK | |0 005 20110329092840 | ||
| LOK | |0 008 110323||||||||||||||||ger||||||| | ||
| LOK | |0 040 |a DE-21-110 |c DE-627 |d DE-21-110 | ||
| LOK | |0 541 |e 11/87 | ||
| LOK | |0 689 |a s |a Jugend | ||
| LOK | |0 689 |a s |a Sozialer Wandel | ||
| LOK | |0 689 |a s |a Handlungsfähigkeit | ||
| LOK | |0 689 |a s |a Familiengründung | ||
| LOK | |0 689 |a s |a Erwerbsarbeit | ||
| LOK | |0 689 |a s |a Verantwortung | ||
| LOK | |0 689 |a s |a Migration | ||
| LOK | |0 689 |a s |a Partizipation | ||
| LOK | |0 852 |a DE-21-110 | ||
| LOK | |0 852 1 |c O IV 517 |m p |9 00 | ||
| LOK | |0 936ln |a 7.3.2.2 | ||
| LOK | |0 938 |a 1103 | ||
| LOK | |0 938 |k p | ||
| LOK | |0 939 |a 23-03-11 |b l01 | ||
| ORI | |a SA-MARC-krimdoka001.raw | ||
| SIG | |a IFK: O IV 517 | ||
